| АИС "Историко-культурное наследие Беларуси" | ||
| Базовый | Расширенный | Профессиональный | Словарь персоналий | Тематический словарь | По видам объектов | История запросов Заказы | Регистрация | |
Запись в MARC-формате
| копировать MARC-запись |
=LDR 00000nx\\c2200205\\\45\\
=001 BY-NLB-ar3134115
=005 20160330095631.9
=100 \\$a20090109arusy50\\\\\\ca0
=152 \\$apsbo
=160 \\$ae-bw
=215 \\$aЦерковь во имя преподобной Ефросиньи Полоцкой (Ивенец, городской поселок; Воложинский район)
=300 1\$aСтроительство церкви начато в 1997 г. на месте снесенной в 1952 г. деревянной Свято-Евфросиниевской церкви. Храм построен в стилизованных формах древнерусского церковного зодчества.
=415 \\$aИвенецкая Свято-Ефросиньевская церковь
=415 \\$aСвято-Евфросиниевская церковь (Ивенец, городской поселок; Воложинский район)
=415 \\$aЦерковь Преподобной Евфросинии Полоцкой в Ивенце
=801 \0$aBY$bBY-HM0000$c20090109
=810 \\$aПраваслаўныя храмы Беларусі : энцыклапедычны даведнік / А. М. Кулагін. — Мінск, 2007.
=810 \\$aИвенец // Минская область : энциклопедия : в 2 т. — Мінск, 2007. — Т. 2. — С. 120.
=999 \\$f1848$t20090109
Чтобы вернуться назад, щелкните кнопку BACK на Вашем браузере